01046nam a22002417a 450000500170000000800410001702000180005805000240007624501050010025000110020526001060021630000270032250400320034965000590038165000590044065000600049970000410055970000410060070000430064171000880068494200130077299900190078520211124132746.0211123r2014 mx bdo gr|||| 00| 0 spa|d a978607935002404aHD9014.N3bI54 201400aInfografía agroalimentaria Nayarit 2014 c / [Colaboradores Patricia Ornelas Ruíz ... [et al.]]. a1a ed. aMéxico :bSecretaría de Agricultura, Ganadería, Desarrollo Rural, Pesca y Alimentación,c2014 a70 p. :bil. ;c20 cm. aIncluye glosario e índice 72lembaIndustrias alimenticiasvEstadísticaszNayarit 72lembaAgricultura de regionesvEstadísticaszNayarit 72lembaIndustrias agropecuariasvEstadísticaszNayarit1 aOrnelas Ruiz, Patricia,ecolaborador1 aRamos Escobar, Rolando,ecolaborador1 aCampos Leal, José Luis,ecolaborador1 aSecretaría de Agricultura, Ganadería, Desarrollo Rural, Pesca y Alimentación. 2lcccLIB c108078d108078